| 000 | 01076nam a2200277 a 4500 | ||
|---|---|---|---|
| 001 | BRCA_1101 | ||
| 005 | 20190320203258.0 | ||
| 008 | 040208s2003 mx-a---##b---#000-0#spa-# | ||
| 020 | _a9703503233 | ||
| 040 |
_aDLC _cDLC _dDLC |
||
| 050 | 4 |
_aF1234.M4 _b.P5 2003 |
|
| 245 | 1 | 0 | _aLa arqueología del régimen, 1910-1955. |
| 260 |
_a[México] _bPatronato del Museo Nacional de Arte _c2003 |
||
| 300 |
_a199 p. _bil. a color _c32 cm. |
||
| 440 | 0 |
_aLos pinceles de la historia _93621 |
|
| 500 | _aIncluye índice de ilustraciones | ||
| 504 | _aBibliografía: p. 153-159 | ||
| 650 | 1 | 4 |
_aArte mexicano _vExposiciones _ySiglo XX _92618 |
| 650 | 1 | 4 |
_aArte _vExposiciones _xAspectos políticos _ySiglo XX _zMéxico _93622 |
| 651 | 4 |
_aMéxico _vTrabajos Ilustrados _xHistoria _y1910-1946 _93623 |
|
| 651 | 4 |
_aMéxico _vTrabajos Ilustrados _xHistoria _y1946-1970 _93624 |
|
| 651 | 4 |
_aMéxico _vExposiciones _xArte _93625 |
|
| 710 | 2 |
_aMuseo Nacional de Arte (México) _9114 |
|
| 710 | 2 |
_aUniversidad Nacional Autónoma de México _bInstituto de Investigaciones Estéticas _93626 |
|
| 942 |
_2lcc _cB |
||
| 999 |
_c980 _d980 |
||